000
003060000a22001450004500
003
MACL
040
_a
MACL
090
_c
44925
_d
44923
100
_a
Senapati, Fakir mohan
245
_a
Ananta the widow's son
260
_b
Four corners
_c
2009
350
_a
195
650
_a
Novel
942
_c
BOOK
_k
823/MAH
999
_c
44466
_d
44466